000 00667nas a2200217 4500
001 BR9803441
003 BR-BrBNA
005 20231205100820.0
007 ta
008 230509b bl.|||p| |||| 00| 00por d
040 _aBR-BrBNA
_bpor
_cBiblioteca Nacional de Agricultura
041 _a(Pt)
072 _aN20
100 1 _aFreire, W.J.
245 1 _aEnsaio de palheta para a determinacao de resistencia ao cisalhamento em condicoes de campo
650 _aMaquina Agricola
650 _aMetodo
773 0 _tEngenharia Agricola (Brazil)
_xISSN 0100-6919
_g(1973), v. 2(1) p. 37-48
_wBR9803441
909 _a202311
_bLúcia
_c55
_dLúcia Elande
942 _2AGRIS
_n0
_cANA
999 _c158254
_d158254